Entry Nombre personal
001 - NÚMERO DE CONTROL
- campo de control: 16677
003 - IDENTIFICADOR DEL NÚMERO DE CONTROL
- campo de control: BNPHU
005 - FECHA Y HORA DE LA ÚLTIMA TRANSACCIÓN
- campo de control: 20240305134030.0
008 - DATOS DE LONGITUD FIJA
- campo de control de longitud fija: 200615|| aca||aabn | a|a d
040 ## - FUENTE DE LA CATALOGACIÓN
- Centro catalogador/agencia de origen: DO-SdBNP
- Lengua de catalogación: spa
- Centro/agencia transcriptor: BNPHU
- Normas de descripción: rda
100 1# - ENCABEZAMIENTO-NOMBRE DE PERSONA
- Nombre de persona: Gómez Carrillo, Enrique,
- Fechas asociadas al nombre: 1873-1927
370 ## - LUGAR ASOCIADO
- Lugar de nacimiento: Guatemala, Guatemala
- Lugar de fallecimiento: Paris, Francia
374 ## - OCUPACIÓN
- Ocupación: Crítico literario
- Ocupación: Diplomata
- Ocupación: Periodista
375 ## - GÉNERO/SEXO
- Género/Sexo: Masculino
377 ## - LENGUA/LENGUAJE ASOCIADO
- Código del idioma: Español
400 1# - TRAZADO DE VÉASE--NOMBRE DE PERSONA
- Nombre de persona: Carrillo, Enrique Gómez,
- Fechas asociadas al nombre: 1873-1927
400 1# - TRAZADO DE VÉASE--NOMBRE DE PERSONA
- Nombre de persona: Carrillo y Tible, Enrique Gómez,
- Fechas asociadas al nombre: 1873-1927
400 1# - TRAZADO DE VÉASE--NOMBRE DE PERSONA
- Nombre de persona: Tible, Enrique Gómez Carrillo y,
- Fechas asociadas al nombre: 1873-1927
670 ## - FUENTE DE DATOS ENCONTRADOS
- Cita de la fuente: Work cat.: (OSt)5708: Barrientos, Alfonso Enrique, 1921-2007. 16676, Enrique Gómez Carrillo /, 1973.
670 ## - FUENTE DE DATOS ENCONTRADOS
- Cita de la fuente: Desfile de visines, 194-?:
670 ## - FUENTE DE DATOS ENCONTRADOS
- Cita de la fuente: Cuentos escogidos de los mejores autores castellanos contemporáneos, 192-?:
